00735nam a2200157Ia 4500008004100000100003400041245010000075245016200175260005300337260000900390300001000399650001500409856006100424999001900485952007300504170221s9999 xx 000 0 und d aSvetlana Anatolievna Ashirova aDistorting Economic Balance and its Consequences on the Regional Market of Consulting Services  cSvetlana Anatolievna Ashirova, Svetlana Valentinovna Yudina, Yevgeniya Vladimirovna Kabitova, Mouhabbat Sharifovna Garifullina, Natalia Vladimirovna Serikova bInternational Review of Management and Marketing c2016 a6 : 4 xMarketing. uhttp://www.econjournals.com/index.php/irmm/issue/view/88 c308192d308192 001040aCLbCLd2017-02-21l0r2017-02-21 00:00:00w2017-02-21yFOJ